000 00442nam a2200145 a 4500
001 000026741
005 20200930030402.0
008 110325s2003 dr a 000 0 spa d
040 _aDO-SdBNP
_bspa
_cBNPHU
245 0 0 _aManual de microbiología.
260 _aSanto Domingo, :
_bEscuela de Microbiología y Paracitología
_bEditora Universitaria,
_c2003.
300 _a126 p. :
_bil. graf.
504 _aBibliografía : p. 127
049 _aBNPD
999 _c26233
_d26233